000 00380nam a2200145Ia 4500
008 230312s9999||||xx |||||||||||||| ||und||
020 _a1-903845-02-5
082 _a720.1
_bWOO-P
100 _aWoodhams;Stephen
245 0 _aPortfolio of Contemporary Gardens
260 _bQuadrillie Publisging Company
_aHongkong
_c1999
300 _a192
650 _aArchitecture
942 _cBK
999 _c11860
_d11860